Normal view
MARC view
Entry Personal Name
001 - CONTROL NUMBER
- control field: 1091613
003 - CONTROL NUMBER IDENTIFIER
- control field: OSt
005 - DATE AND TIME OF LATEST TRANSACTION
- control field: 20260121172709.0
008 - FIXED-LENGTH DATA ELEMENTS
- fixed length control field: 260121|| aca||aabn | a|a d
040 ## - CATALOGING SOURCE
- Original cataloging agency: OSt
- Transcribing agency: OSt
100 ## - HEADING--PERSONAL NAME
- Personal name: Soila Lemmetty, Kaija Collin, Vlad Petre Gl?veanu, Panu Forsman
670 ## - SOURCE DATA FOUND
- Source citation: Work cat.: (OSt)1657353: Soila Lemmetty, Kaija Collin, Vlad Petre Gl?veanu, Panu Forsman, Creativity and Learning
